000 00473nam a2200181Ia 4500
005 20250326123951.0
008 250326s9999 xx 000 0 und d
037 _aTextbook
040 _aFMSL
_beng
_cFMSL
041 _aeng
_2eng
084 _aV28:1 L6
_qFMSL
100 _aIIPA
245 0 _aNew vistas in administration
_cIIPA
260 _aNew Delhi
_bNew Delhi, I I P A
_c1976
300 _a220p
942 _cTB
_hV28:1 L6
999 _c1271686
_d1271686